Crochet paso a paso / (Registro nro. 31797)

Detalles MARC
000 -LEADER
campo de control de longitud fija 04068cam a22006734i 4500
003 - IDENTIFICADOR DE NÚMERO DE CONTROL
campo de control PE-LiUPU
005 - FECHA Y HORA DE LA ÚLTIMA TRANSACCIÓN
campo de control 20250731183414.0
008 - DATOS DE LONGITUD FIJA--INFORMACIÓN GENERAL
campo de control de longitud fija 190923s2017 pe a r 000 0 spa d
020 ## - NÚMERO INTERNACIONAL ESTÁNDAR DEL LIBRO
Número Internacional Estándar del Libro 9972596702
Información calificativa (Volumen 1)
020 ## - NÚMERO INTERNACIONAL ESTÁNDAR DEL LIBRO
Número Internacional Estándar del Libro 9789972596704
Información calificativa (Volumen 1)
020 ## - NÚMERO INTERNACIONAL ESTÁNDAR DEL LIBRO
Número Internacional Estándar del Libro 9972596729
Información calificativa (Volumen 2)
020 ## - NÚMERO INTERNACIONAL ESTÁNDAR DEL LIBRO
Número Internacional Estándar del Libro 9789972596728
Información calificativa (Volumen 2)
020 ## - NÚMERO INTERNACIONAL ESTÁNDAR DEL LIBRO
Número Internacional Estándar del Libro 9972596753
Información calificativa (Volumen 3)
020 ## - NÚMERO INTERNACIONAL ESTÁNDAR DEL LIBRO
Número Internacional Estándar del Libro 9789972596759
Información calificativa (Volumen 3)
020 ## - NÚMERO INTERNACIONAL ESTÁNDAR DEL LIBRO
Número Internacional Estándar del Libro 997259677X
Información calificativa (Volumen 4)
020 ## - NÚMERO INTERNACIONAL ESTÁNDAR DEL LIBRO
Número Internacional Estándar del Libro 9789972596773
Información calificativa (Volumen 4)
020 ## - NÚMERO INTERNACIONAL ESTÁNDAR DEL LIBRO
Número Internacional Estándar del Libro 9972596796
Información calificativa (Volumen 5)
020 ## - NÚMERO INTERNACIONAL ESTÁNDAR DEL LIBRO
Número Internacional Estándar del Libro 9789972596797
Información calificativa (Volumen 5)
020 ## - NÚMERO INTERNACIONAL ESTÁNDAR DEL LIBRO
Número Internacional Estándar del Libro 9972596818
Información calificativa (Volumen 6)
020 ## - NÚMERO INTERNACIONAL ESTÁNDAR DEL LIBRO
Número Internacional Estándar del Libro 9789972596810
Información calificativa (Volumen 6)
035 ## - NÚMERO DE CONTROL DEL SISTEMA
Número de control de sistema (Sirsi) a252569
040 ## - FUENTE DE CATALOGACIÓN
Centro catalogador/agencia de origen PE-LiUPU
Lengua de catalogación spa
Centro/agencia transcriptor PE-LiUPU
Normas de descripción rda
049 ## - FONDOS LOCALES (OCLC)
Biblioteca depositaria PRUA
082 04 - NÚMERO DE LA CLASIFICACIÓN DECIMAL DEWEY
Número de clasificación 746.434
Cutter AT
Número de edición 20
245 00 - MENCIÓN DEL TÍTULO
Título Crochet paso a paso /
Mención de responsabilidad, etc. Lérida Fernández.
250 ## - MENCION DE EDICION
Mención de edición Primera edición.
264 #1 - PRODUCCIÓN, PUBLICACIÓN, DISTRIBUCIÓN, FABRICACIÓN Y COPYRIGHT
Producción, publicación, distribución, fabricación y copyright Lima :
Nombre del de productor, editor, distribuidor, fabricante Corporación Gráfica Navarrete,
Fecha de producción, publicación, distribución, fabricación o copyright 2017.
300 ## - DESCRIPCIÓN FÍSICA
Extensión 6 volúmenes :
Otras características físicas ilustraciones ;
Dimensiones 21 centímetros.
336 ## - TIPO DE CONTENIDO
Término de tipo de contenido text
Fuente rdacontent
337 ## - TIPO DE MEDIO
Nombre/término del tipo de medio unmediated
Fuente rdamedia
338 ## - TIPO DE SOPORTE
Nombre/término del tipo de soporte volume
Fuente rdacarrierC0
Código del tipo de soporte PEPRU
490 0# - MENCIÓN DE SERIE
Mención de serie A tejer
505 0# - NOTA DE CONTENIDO CON FORMATO
Nota de contenido con formato Volumen 1,
Título Gorros.
Nota de contenido con formato Beanie a tres colores -- Con visera -- Para mi coleta -- Gatito abrigado -- Clásico a dos colores -- Un osito en mi cabeza -- Para otoño -- Tiburoncín -- En invierno -- Dos corazones.
505 0# - NOTA DE CONTENIDO CON FORMATO
Nota de contenido con formato Volumen 2,
Título Bufandas.
Nota de contenido con formato Clásico de invierno -- Tres botones -- Con bolsillos -- Detalle calado -- Cuello tricolor -- Estilo infinito -- Naranja de otoño -- Cuatro colores -- Rojo casual -- Calado en chocolate.
505 0# - NOTA DE CONTENIDO CON FORMATO
Nota de contenido con formato Volumen 3,
Título Mantas.
Nota de contenido con formato Abrigadora -- ¿Te acompaño? -- Tricolor -- Cubrecama de trapillos -- Búho capucha -- Jadrín de flores -- Sirena -- Especial para el bebé -- Rombos de colores -- Calada decorativa.
505 0# - NOTA DE CONTENIDO CON FORMATO
Nota de contenido con formato Volumen 4,
Título Chompas.
Nota de contenido con formato Dulce abrigo -- Estilo casual -- Para toda ocación -- Lila encantador -- Rojo y mostaza -- Bolero largo -- Geométrico a dos colores -- Para el rey -- Calado en rosa -- Para él.
505 0# - NOTA DE CONTENIDO CON FORMATO
Nota de contenido con formato Volumen 5,
Título Amigurumi.
Nota de contenido con formato Teo tentáculos -- Huga oruga -- Fita jirafita -- Coco miau -- Pepito banana -- Pixy patas rosadas -- Cactus magnus -- Cup & cake -- Kusi vicuña -- Hipa felipa.
505 0# - NOTA DE CONTENIDO CON FORMATO
Nota de contenido con formato Volumen 6,
Título Accesorios.
Nota de contenido con formato Linda naranja -- Un corazón en mi monedero -- Dulces sueños -- En mis manos -- Entre libros -- Guarda-todo -- Bordes abrigadores -- Cazador de sueños -- Hola, koala -- En círculos.
526 ## - NOTA DE INFORMACIÓN SOBRE EL PROGRAMA DE ESTUDIO
Nombre del programa Maestría Bim Facility Management (A distancia)
526 ## - NOTA DE INFORMACIÓN SOBRE EL PROGRAMA DE ESTUDIO
Nombre del programa
526 ## - NOTA DE INFORMACIÓN SOBRE EL PROGRAMA DE ESTUDIO
Nombre del programa Educación musical y artes
526 ## - NOTA DE INFORMACIÓN SOBRE EL PROGRAMA DE ESTUDIO
Nombre del programa Educación, especialidad educación física
526 ## - NOTA DE INFORMACIÓN SOBRE EL PROGRAMA DE ESTUDIO
Nombre del programa Arquitectura
598 ## -
-- CATALOGING
596 ## -
-- 1
650 04 - PUNTO DE ACCESO ADICIONAL DE MATERIA--TÉRMINO DE MATERIA
Término de materia o nombre geográfico como elemento de entrada Tejidos a crochet
Subdivisión de forma -Manuales, etc.
650 04 - PUNTO DE ACCESO ADICIONAL DE MATERIA--TÉRMINO DE MATERIA
Término de materia o nombre geográfico como elemento de entrada Labores de aguja.
700 1# - ENTRADA AGREGADA--NOMBRE PERSONAL
Nombre de persona Fernández, Lérida,
Término indicativo de función/relación editor.
910 ## - DATOS DE OPCIÓN DEL USUARIO (OCLC)
Datos de opción del usuario bgr
-- ncf
-- ncf
-- 20190923
942 ## - ELEMENTOS DE ENTRADA SECUNDARIOS (KOHA)
Fuente del sistema de clasificación o colocación Clasificación Decimal Dewey
Tipo de ítem Koha
994 ## -
-- C0
-- PEPRU
999 ## - NÚMEROS DE CONTROL DE SISTEMA (KOHA)
-- DEWEY
-- 80607
-- 2021-11-8
-- 3
-- CCODEBUL1
-- BUL
-- 10.00
-- 0
-- Y
-- BOOK
-- 2019-9-23
-- EDUCACION
-- P20
-- COMPRA
-- .STAFF. Colección Ciencias Humanas y Educación
999 ## - NÚMEROS DE CONTROL DE SISTEMA (KOHA)
-- DEWEY
-- 80608
-- 2021-11-8
-- 3
-- CCODEBUL1
-- BUL
-- 10.00
-- 0
-- Y
-- BOOK
-- 2019-9-23
-- EDUCACION
-- P20
-- COMPRA
-- .STAFF. Colección Ciencias Humanas y Educación
999 ## - NÚMEROS DE CONTROL DE SISTEMA (KOHA)
-- DEWEY
-- 80609
-- 2021-11-8
-- 3
-- CCODEBUL1
-- BUL
-- 10.00
-- 0
-- Y
-- BOOK
-- 2019-9-23
-- EDUCACION
-- P20
-- COMPRA
-- .STAFF. Colección Ciencias Humanas y Educación
999 ## - NÚMEROS DE CONTROL DE SISTEMA (KOHA)
-- DEWEY
-- 80610
-- 2021-11-8
-- 3
-- CCODEBUL1
-- BUL
-- 10.00
-- 0
-- Y
-- BOOK
-- 2019-9-23
-- EDUCACION
-- P20
-- COMPRA
-- .STAFF. Colección Ciencias Humanas y Educación
999 ## - NÚMEROS DE CONTROL DE SISTEMA (KOHA)
-- DEWEY
-- 80611
-- 2021-11-8
-- 3
-- CCODEBUL1
-- BUL
-- 10.00
-- 0
-- Y
-- BOOK
-- 2019-9-23
-- EDUCACION
-- P20
-- COMPRA
-- .STAFF. Colección Ciencias Humanas y Educación
999 ## - NÚMEROS DE CONTROL DE SISTEMA (KOHA)
-- DEWEY
-- 80612
-- 2021-11-8
-- 3
-- CCODEBUL1
-- BUL
-- 10.00
-- 0
-- Y
-- BOOK
-- 2019-9-23
-- EDUCACION
-- P20
-- COMPRA
-- .STAFF. Colección Ciencias Humanas y Educación
980 ## - EQUIVALENCIA O REFERENCIA-CRUZADA-MENCIÓN DE SERIE--NOMBRE DE PERSONA/TÍTULO [LOCAL, CANADÁ]
ID del último usuario que modificó el registro 1
Nombre del último usuario que modificó el registro ALBERTO SANCHEZ Responsable de Automatización
Existencias
Visto por última vez Número de inventario Total de préstamos Signatura topográfica completa Código de barras Fecha del último préstamo Copia número Coste, precio de reemplazo Fecha de reemplazo Facultad Tipo de ítem Koha Nota pública Estado de pérdida Fuente del sistema de clasificación o colocación Restricciones de uso No para préstamo Colección Programa académico Biblioteca de origen Biblioteca actual Ubicación en estantería Fecha de adquisición Fuente de adquisición Coste, precio normal de compra
2025-09-12 4 1 746.434 AT 1 80607 2025-09-09 e1 15.00 2019-09-23 FACIHED Libros físicos inventario-2023-12-13 No Perdido Clasificación Decimal Dewey No restringido Disponible para préstamos Colección General Educación primaria Biblioteca CRAI UPeU Lima Biblioteca CRAI UPeU Lima Sala principal 2019-09-23 COMPRA 10.00
2024-12-10 4   746.434 AT 3 80608   e1 15.00 2019-09-23 FACIHED Libros físicos inventario-2023-12-13 No Perdido Clasificación Decimal Dewey No restringido Disponible para préstamos Colección General Educación primaria Biblioteca CRAI UPeU Lima Biblioteca CRAI UPeU Lima Sala principal 2019-09-23 COMPRA 10.00
2024-12-10 4   746.434 AT 2 80609   e1 15.00 2019-09-23 FACIHED Libros físicos inventario-2023-12-13 No Perdido Clasificación Decimal Dewey No restringido Disponible para préstamos Colección General Educación primaria Biblioteca CRAI UPeU Lima Biblioteca CRAI UPeU Lima Sala principal 2019-09-23 COMPRA 10.00
2024-12-10 4   746.434 AT 4 80610   e1 15.00 2019-09-23 FACIHED Libros físicos inventario-2023-12-13 No Perdido Clasificación Decimal Dewey No restringido Disponible para préstamos Colección General Educación primaria Biblioteca CRAI UPeU Lima Biblioteca CRAI UPeU Lima Sala principal 2019-09-23 COMPRA 10.00
2025-12-03 4 1 746.434 AT 5 80611 2023-04-17 e1 15.00 2019-09-23 FACIHED Libros físicos inventario-2023-12-13 No Perdido Clasificación Decimal Dewey No restringido Disponible para préstamos Colección General Educación primaria Biblioteca CRAI UPeU Lima Biblioteca CRAI UPeU Lima Sala principal 2019-09-23 COMPRA 10.00
2024-12-10 4 2 746.434 AT 6 80612 2023-09-11 e1 15.00 2019-09-23 FACIHED Libros físicos inventario-2023-12-13 No Perdido Clasificación Decimal Dewey No restringido Disponible para préstamos Colección General Educación primaria Biblioteca CRAI UPeU Lima Biblioteca CRAI UPeU Lima Sala principal 2019-09-23 COMPRA 10.00